000 01112nas a2200325 4500
001 BR0205315
003 BR-BrBNA
005 20231205103335.0
007 ta
008 230509b bl.|||p| |||| 00| 00por d
040 _aBR-BrBNA
_bpor
_cBiblioteca Nacional de Agricultura
041 _a(Pt)
072 _aL51
100 1 _aVeloso, C.M.
100 1 _aValadares Filho, S. de C.
100 1 _aGesuladi Júnior, A.
100 1 _aSilva, F.F. da
100 1 _aPaulino, M.F.
100 1 _aValadares, R.F.D.
100 1 _aCecon, P.R.
100 1 _aPaulino, P.V.R.
245 1 _aEficiência de utilização da energia metabolizável para mantença e ganho de peso e exigência de energia metabolizável e de nutrientes totais de bovinos F1 Limousin x Nelore não-castrados
650 _aGADO DE CORTE
650 _aEXIGÊNCIA NUTRICIONAL
650 _aCONCENTRADO ENERGÉTICO
650 _aGANHO DE PESO
773 0 _tRevista Brasileira de Zootecnia (Brazil)
_xISSN 1516-3598
_g(May-Jun 2002), v. 31(3) p. 1286-1293
_wBR0205315
909 _a202311
_bLúcia
_c55
_dLúcia Elande
942 _2AGRIS
_n0
_cANA
999 _c172347
_d172347